Statistiken für Serbische Diaspora

Klicken Sie hier um das Quiz zu spielen!

Allgemein

  • Dieses Quiz wurde 34 mal gespielt
  • Das Durchschnittsergebnis liegt bei 19 aus 24

Antwortstatistiken

BevölkerungLand% Korrekt
300,000Österreich
100%
580,000Deutschland
97%
50,000Italien
97%
30,000Russland
97%
750,000USA
97%
120,000Schweiz
94%
120,000Frankreich
91%
80,000Vereinigtes Königreich
91%
2,000Bulgarien
85%
22,000Rumänien
82%
75,000Schweden
82%
7,000Dänemark
79%
20,000Niederlande
79%
38,000Slowenien
79%
10,000Ungarn
79%
5,000Belgien
76%
250,000Kanada
76%
130,000Australien
73%
15,000Griechenland
70%
15,000Türkei
67%
8,000Brasilien
64%
15,000Ukraine
61%
7,000Argentinien
52%
20,000Südafrika
27%

Verteilung der Resultate

Perzentil nach korrekt beantworteten Fragen

Anzahl Personen mit jedem Resultat

Ihre Resultats-Entwicklung

Sie haben dieses Quiz noch nicht gespielt